| 000 | 00826nam a2200217 a 4500 | ||
|---|---|---|---|
| 001 | 000030547 | ||
| 003 | OSt | ||
| 005 | 20240229073937.0 | ||
| 008 | 110523s1951 dr r 000 | fre d | ||
| 040 |
_aDO-SdBNP _bspa _cBNPHU |
||
| 082 | 4 |
_a320.97293 _bR426d |
|
| 100 | 1 |
_aTrujillo Molina, Rafael Leónidas, _d 1891-1961 _976764 |
|
| 245 | 1 | 0 |
_aDiscours prononcé au Congrés National, le 27 février 1951, par son excellence le président Rafael L. Trujillo / _ctraducido por Jazem Draiby. |
| 260 |
_aCiudad Trujillo, República Dominicana : _bImpresora Dominicana, _c1951. |
||
| 300 |
_a26 p. _c25 cm. |
||
| 590 | _aInventariado, 2018/ YL | ||
| 651 | 4 |
_aRepública Dominicana _xPolítica y gobierno _y1930-1961 _9479 |
|
| 700 | 1 |
_aDraiby, Jazem, _etr. _957165 |
|
| 910 | _aValidado. Control de calidad MFF | ||
| 942 |
_2ddc _cLBS1 |
||
| 999 |
_c30039 _d30039 |
||